000 00439nam a2200133Ia 4500
008 151001s9999||||xx |||||||||||||| ||und||
100 _aश्री वि सोहोनी
245 _aरेडीओ दुरुस्ती
250 _a3
260 _bमहाराष्ट्र राज्य साहित्य संस्कुती मंडळ मुंबई
260 _c1973
300 _a519
365 _b21
999 _c958599
_d958596